Introduction to Information Systems Essentials for the e-Business Enterprise (Record no. 23527)
[ view plain ]
| 000 -LEADER | |
|---|---|
| fixed length control field | 00345nam a22001097a 4500 |
| 008 - FIXED-LENGTH DATA ELEMENTS--GENERAL INFORMATION | |
| fixed length control field | 131216b xxu||||| |||| 00| 0 eng d |
| 020 ## - INTERNATIONAL STANDARD BOOK NUMBER | |
| International Standard Book Number | 007-1151095 |
| Terms of availability | Available |
| 050 ## - LIBRARY OF CONGRESS CALL NUMBER | |
| Classification number | 658.4038 |
| Item number | 000431 |
| 082 ## - DEWEY DECIMAL CLASSIFICATION NUMBER | |
| Edition number | Eleventh Ed |
| 245 ## - TITLE STATEMENT | |
| Title | Introduction to Information Systems Essentials for the e-Business Enterprise |
| Statement of responsibility, etc. | Brein, James A. O, |
| 260 ## - PUBLICATION, DISTRIBUTION, ETC. | |
| Name of publisher, distributor, etc. | McGraw-Hill |
| Withdrawn status | Lost status | Source of classification or shelving scheme | Damaged status | Not for loan | Permanent Location | Current Location | Shelving location | Date acquired | Full call number | Barcode | Date last seen | Price effective from | Koha item type |
|---|---|---|---|---|---|---|---|---|---|---|---|---|---|
| NUST Baluchistan Campus (NBC) | NUST Baluchistan Campus (NBC) | General Stacks | 12/16/2013 | 658.4038BRI | RCMS000431 | 12/16/2013 | 12/16/2013 | Book |
